00521nam a2200205Ia 4500008004100000020001800041050001700059050001800076100002400094245003000118245002400148250001700172260001600189260003400205260000900239300001600248300002000264300001100284500002000295180523s9999 xx 000 0 und d a981-247-066-2 aMAIN HD 58.7 b.R63 2003 c.2 aRobbins. Stephen P. 0aOrganizational behavior / 0cStephen P. Robbins. a10th Edition aSingapore : bPearson Education South Asia, c2003 a675 pages : billustrations ; c24 cm. aIncludes index.